BANDECO: el largo camino de las reinvindicaciones

Shranjeno v:
Bibliografske podrobnosti
Format: Texto
Teme:
Oznake: Označite
Brez oznak, prvi označite!

MARC

LEADER 00000 a a2200000 04500
001 1531
003
040
245 |a BANDECO:   |b el largo camino de las reinvindicaciones  
650 |a BANANOS  
650 |2 LISTADO CIDCACS  
650 |a SINDICALISMO  
650 |a COSTA RICA  
773 |g número 11; páginas 11-14  
999 |c 35197  |d 35197